Organic phosphorus status of the traditional rubber growing soils (Record no. 52756)

MARC details
000 -LEADER
fixed length control field 00566nam a2200145Ia 4500
100 ## - MAIN ENTRY--AUTHOR NAME
Personal name Prasannakumari P.
245 #0 - TITLE STATEMENT
Title Organic phosphorus status of the traditional rubber growing soils
260 ## - PUBLICATION, DISTRIBUTION, ETC. (IMPRINT)
Name of publisher In: Preprints of Papers. International Natural Rubber Conference, India 2005, 6-8 November 2005, Rubber Research Institute of India, Kottayam, Kerala, India, pp. 232-237.
Year of publication 2005
650 ## - SUBJECT ADDED ENTRY--TOPICAL TERM
Topical Term Organic phosphorus
650 ## - SUBJECT ADDED ENTRY--TOPICAL TERM
Topical Term Rubber growing soil
700 ## - ADDED ENTRY--PERSONAL NAME
Personal name Joseph M.[a]
700 ## - ADDED ENTRY--PERSONAL NAME
Personal name Punnoose K.I.
942 ## - ADDED ENTRY ELEMENTS (KOHA)
Koha item type Bibliography STAF
Holdings
Withdrawn status Lost status Damaged status Not for loan Home library Current library Date acquired Koha item type
      Bibliography RRII Library RRII Library 09/04/2014 Bibliography STAF